Testovanie dynamických aspektov nástrojov na kompozíciu webových služieb

Saved in:
Bibliographic Details
Main Author: Vrablecová, Petra, 1990- (Author)
Other Authors: Bartalos, Peter, 1983- (Thesis advisor)
Format: Manuscript Book
Language:Slovak
Published: Bratislava : STU v Bratislave FIIT, 2011
Subjects:
Online Access:VAIS
Tags: Add Tag
No Tags, Be the first to tag this record!

MARC

LEADER 00000ntm a22000003a 4500
001 stu233625
005 20150713171503.1
008 110823s2011----xo------------------slo-d
040 |a STU  |b slo 
041 0 |a slo 
044 |a xo 
100 1 |a Vrablecová, Petra,  |d 1990-  |4 aut  |u I200  |U FIIT Fakulta informatiky a informačných technológií  |T FIIT Ústav informatiky a softvérového inžinierstva  |X 56347  |U I200  |Y 179  |7 56347 
242 0 0 |a Testing dynamic aspects of web service composition tools  |y eng 
245 1 |a Testovanie dynamických aspektov nástrojov na kompozíciu webových služieb 
260 |a Bratislava :  |b STU v Bratislave FIIT,  |c 2011 
300 |a 33 s 
650 7 |a kompozícia webových služieb  |2 stusub 
650 7 |a web service  |2 estusub 
650 7 |a webová služba  |2 stusub 
650 7 |a informatika  |2 stusub 
650 7 |a Informatics  |2 estusub 
700 1 |a Bartalos, Peter,  |d 1983-  |4 ths  |u I200  |U FIIT Fakulta informatiky a informačných technológií  |T FIIT Ústav informatiky a softvérového inžinierstva  |X 4520  |U I200  |Y 179  |7 4520 
856 4 |a info a plný text  |u http://is.stuba.sk/zp/portal_zp.pl?podrobnosti=57016  |3 VAIS 
996 |b IBAP134/11  |c I*BAP134/11  |l II680  |s P  |a 0  |w stu233625_0001